000
00311nam a22001217a 4500
008
230703b xxu||||| |||| 00| 0 eng d
082
_a
342.16
_b
I618 1997
245
_a
Constitutional & Parliamentary Information
260
_b
Interparliamentary Union
_c
1997
300
_a
109p
440
_n
173
942
_2
ddc
_c
BK
999
_c
3216
_d
3216